000 00701nam a2200289Ia 4500
005 20260324120246.0
008 008 260324s9999 xx 000 0 eng d
020 _a9780429163012
037 _aEBOOK
040 _aCRL
040 _beng
040 _cCRL
041 _2eng
041 _aeng
084 _qCRL
100 _aKathryn McPherson; Alain Leplege; Barbara E. Gibson
_91157852
245 0 _aRethinking Rehabilitation
245 0 _bTheory and Practice
260 _bTaylor and Francis
260 _c2015
365 _a
365 _b240
856 _uhttp://www.taylorfrancis.com/books/9780429163012
942 _cEBOOK
999 _c1749298
_d1749298